مكتبة جامعة عجلون الوطنية

فهرس بحث المكتبة

Normal view MARC view
  • التلفزيون - التغيير الإجتماعي - الدول النامية

Entry Topical Term

Number of records used in: 1

001 - CONTROL NUMBER

  • control field: 18544

003 - CONTROL NUMBER IDENTIFIER

  • control field: JO-AjAnu

005 - DATE AND TIME OF LATEST TRANSACTION

  • control field: 20230606073244.0

008 - FIXED-LENGTH DATA ELEMENTS

  • fixed length control field: 230606|| aca||aabn | a|a d

040 ## - CATALOGING SOURCE

  • Original cataloging agency: JO-AjAnu
  • Transcribing agency: JO-AjAnu

150 ## - HEADING--TOPICAL TERM

  • Topical term or geographic name entry element: التلفزيون - التغيير الإجتماعي - الدول النامية

670 ## - SOURCE DATA FOUND

  • Source citation: Work cat.: (JO-AjAnu)9518: آل زعير،سعيد بن مبارك, author 18543, التلفزيون والتغيير الإجتماعي في الدول النامية